000 01277nam a2200361 i 4500
001 768714001
003 CO-MdFUSB
005 20241015152319.0
007 ta
008 180208t1986 enk||||g |||| 00| 0 eng d
020 _a0-8006-3072-6
040 _aCO-MdFUSB
_bspa
_cCO-MdFUSB
_dCO-MdFUSB
_erda
041 0 _aeng
082 0 4 _224
_a225.6
_bJ661
100 1 _aJohnson, Luke Timothy
_eautor
240 _aLas escrituras del nuevo testamento: una interpretación
245 1 4 _aThe writings of the new testament
_b: an interpretation
_c/ Luke Timothy Johnson
250 _aedicion revisada
264 1 _aMinneapolis, Minnesota :
_aLondon :
_bFortress ;
_bSCM Press Ltd ;
_c℗[1999]
264 4 _c©1986
300 _a694 páginas
_b:
_c; 24 cm
336 _2rdacontent
_atexto
_btxt
337 _2rdamedia
_asin mediación
_bn
338 _2rdacarrier
_avolumen
_bnc
501 _aIncluye índices (p. 553- 593)
505 _aEl mundo simbólico del Nuevo Testamento - La experiencia cristiana - La tradición sinóptica - Las tradiciones paulinas - Las Epístolas generales - Las tradiciones joánicas
563 _aRústico
650 0 _aBiblia
_916
653 _aNuevo Testamento
942 _cBK
945 _aJTF-925
999 _c43992
_d43992